| 000 | 01258nam0a2200337 i 4500 | ||
|---|---|---|---|
| 001 | RU\NLR\BIBL_A\010029156 | ||
| 005 | 20240921220235.0 | ||
| 010 |
_a9785295058516 _95600 |
||
| 021 |
_aRU _b2013-98459 _96829 |
||
| 035 | _a(NILC)RuMoRGB-006708104 | ||
| 035 | _a(NLR Aleph) 010029156 | ||
| 090 |
_a9939772 _c9939772 |
||
| 100 | _a20140205d2013 u y0rusy50 ca | ||
| 101 | 0 | _arus | |
| 102 | _aRU | ||
| 105 | _ay|||z|||001yy | ||
| 200 | 1 |
_aПрактический синтаксис современного русского языка _eсхемы и образцы анализа, упражнения _fР. М. Гайсина |
|
| 210 |
_aУфа _cКитап _d2013 |
||
| 215 |
_a407 с. _cсхем. _d21 |
||
| 320 | _aБиблиогр. в конце глав | ||
| 606 | 1 |
_aРусский язык _jУчебные издания _xСинтаксис _91533216 _3RU\NLR\AUTH\66969161 |
|
| 675 | _a811.161.1'367(075.8) | ||
| 686 | 1 | _aШ141.12-92-22 | |
| 700 | 1 |
_aГайсина _bР. М. _gРейда Миргалеевна |
|
| 801 | 0 |
_aRU _bRuMoRKP _c20131205 _gRCR |
|
| 801 | 2 |
_aRU _bРГБ _c20131217 _grcr |
|
| 801 | 1 |
_aRU _bRuMoRKP _c20131205 _2rusmarc |
|
| 942 | _cBOOK | ||
| 980 | _aNBR | ||